[Event "ESP-chT Div Honor 2018"]
[Site "Linares"]
[Date "2018.08.07"]
[Round "2"]
[White "Vidit, Santosh Gujrathi"]
[Black "Vitiugov, Nikita"]
[Result "1/2-1/2"]
[WhiteElo "2715"]
[BlackElo "2730"]
[Annotator "TA"]
[PlyCount "80"]
[EventDate "2018.08.06"]
[EventType "team-tourn"]
[EventCountry "ESP"]
[SourceTitle "playchess.com"]
[Source "ChessBase"]
[SourceQuality "1"]

{[%evp 23,80,25,19,28,26,14,30,17,24,16,21,30,21,28,34,47,36,23,38,23,23,23,23,23,24,24,24,24,27,0,9,0,10,0,0,0,0,0,0,0,0,0,0,0,0,0,0,0,0,0,0,0,0,0,0,0,0,0,0]} 1. e4 e6 2. d4 d5 3. Nc3 Bb4 4. e5 c5 5. a3 Ba5 6. b4 cxd4 7. Nb5 Bc7 8. f4 Bd7 9. Nxc7+ Qxc7 10. Nf3 {C18: French: 3 Nc3 Bb4: Main line: 7 h4 and 7 Qg4} Ba4 11. Bd3 (11. Ra2 Ne7 12. Nxd4 a6 13. Be3 Nbc6 14. Bd3 Nxd4 15. Bxd4 Bb5 16. O-O Nf5 17. Bf2 h5 {0-1 (46) Anand,V (2776)-Mamedyarov,S (2809) Moscow 2018}) 11... Ne7 12. O-O Qb6 {LiveBook: 6 Games} 13. Kh1 Bb5 $146 ({Predecessor:} 13... Nbc6 14. Qe2 a6 15. Bd2 Bb5 16. Rfb1 Bxd3 17. cxd3 O-O 18. a4 {½-½ (18) Gopal,G (2536)-Van Osch,M (2285) Hoogeveen 2015}) 14. Nxd4 Bxd3 15. Qxd3 {Be3 is the strong threat.} Nbc6 16. Nf3 a6 17. Be3 Qb5 18. Bc5 h6 19. Qd1 {[#] Black must now prevent a4.} Qa4 $1 20. Nd2 O-O 21. c4 Qxd1 22. Rfxd1 Rfe8 23. g3 b5 24. cxd5 Nxd5 25. Ne4 a5 {[%cal Ra5b4]} 26. bxa5 Nxa5 {[#] Hoping for ...Nb3.The position is equal.} 27. Rab1 Nb7 28. Bd6 Nxd6 29. Nxd6 Nc3 {Threatens to win with ...Red8.} 30. Nxe8 Rxe8 31. Rdc1 Nxb1 32. Rxb1 $11 {[%mdl 4096] Endgame KR-KR} Ra8 33. Rxb5 Rxa3 34. Rb8+ Kh7 35. Rb7 Kg6 36. Kg2 Ra2+ 37. Kh3 h5 38. Re7 Rd2 39. Ra7 Rb2 40. Re7 Rc2 {Precision: White = 73%, Black = 66%.} 1/2-1/2

[Event "ESP-chT Div Honor 2018"]
[Site "Linares"]
[Date "2018.08.07"]
[Round "2"]
[White "Kryvoruchko, Yuriy"]
[Black "Oparin, Grigoriy"]
[Result "1/2-1/2"]
[WhiteElo "2711"]
[BlackElo "2609"]
[Annotator "TA"]
[PlyCount "83"]
[EventDate "2018.08.06"]
[EventType "team-tourn"]
[EventCountry "ESP"]
[SourceTitle "playchess.com"]
[Source "ChessBase"]
[SourceQuality "1"]

{[%evp 14,83,-12,-21,37,-22,56,54,52,60,62,64,63,91,57,56,58,43,33,24,34,20,33,27,33,34,32,13,14,13,28,13,15,6,40,0,8,0,9,20,64,20,25,0,0,0,0,0,0,0,0,0,0,0,0,0,8,0,0,0,0,0,0,0,0,0,0,0,0,0,0,0]} 1. d4 Nf6 2. c4 e6 3. Nc3 Bb4 4. g3 d5 5. Bg2 O-O 6. Nf3 dxc4 7. O-O Nc6 8. Qa4 {LiveBook: 29 Games. E20: Nimzo-Indian: 4 g3 and 4 f3} Rb8 (8... Nd5 $11) (8... Bd7 9. Bg5 Rb8 10. Rad1 Bxc3 11. bxc3 h6 12. Bxf6 Qxf6 13. Qxc4 Rfc8 14. Nd2 Na5 15. Qb4 b6 {½-½ (67) Matlakov,M (2735)-Tomashevsky,E (2713) St Petersburg 2017}) 9. Ne5 (9. Qb5 $14) 9... Bd7 $146 ({Black should play} 9... Qxd4 $11 10. Nxc6 bxc6) ({Predecessor:} 9... Qxd4 10. Bf4 Qc5 11. Nxc6 bxc6 12. Bxc7 Rb7 13. Bf4 Nd5 14. Bd2 e5 15. Qc2 {1-0 (69) Gomez,J (2527)-Nakhapetiane,P (2469) Moscow 2011}) 10. Nxc6 $14 {White is slightly better.} bxc6 11. a3 c5 12. Qxa7 Bxc3 13. bxc3 cxd4 14. Qxd4 Bb5 15. Bf4 Qxd4 16. cxd4 Rfc8 17. Rfc1 Nd5 18. Bd2 c3 19. Bxc3 Bxe2 20. Ba5 c6 21. a4 Kf8 22. Be1 Ke7 23. a5 {With the idea a6.} Kd7 24. Rcb1 Ba6 25. Bd2 Rxb1+ 26. Rxb1 c5 27. dxc5 (27. Bxd5 $5 exd5 28. Rb6 $16) 27... Rxc5 28. Bf1 Bxf1 {The position is equal.} 29. Kxf1 $11 {[%mdl 4096] Endgame KRB-KRN} Rc2 30. Ke1 Kc8 31. h4 Ra2 32. h5 Kc7 33. Rb3 h6 34. f3 g6 35. g4 gxh5 36. gxh5 Nf6 37. Rb5 Kc6 38. Rb6+ Kc5 39. Rb7 Nxh5 40. Rxf7 Ng3 41. Rf6 Nf5 42. Bxh6 {Precision: White = 52%, Black = 60%.} 1/2-1/2

[Event "ESP-chT Div Honor 2018"]
[Site "Linares"]
[Date "2018.08.07"]
[Round "2"]
[White "Leko, Peter"]
[Black "Navara, David"]
[Result "1/2-1/2"]
[WhiteElo "2691"]
[BlackElo "2741"]
[Annotator "TA"]
[PlyCount "87"]
[EventDate "2018.08.06"]
[EventType "team-tourn"]
[EventCountry "ESP"]
[SourceTitle "playchess.com"]
[Source "ChessBase"]
[SourceQuality "1"]

{[%evp 17,87,24,24,17,29,34,94,95,93,93,121,121,121,114,119,118,117,112,112,111,108,108,99,106,105,94,96,97,93,79,78,69,113,89,99,89,179,179,179,179,233,204,213,0,82,0,220,181,182,-56,-51,-43,-45,-107,-100,-111,-93,-91,-95,-107,-81,-83,-22,-24,-15,-22,-4,-24,0,0,0,0]} 1. e4 e5 2. Nf3 Nc6 3. Bb5 Nf6 4. d3 Bc5 5. Bxc6 dxc6 6. O-O {C65: Spanische Partie (Berliner-Verteidigung)} (6. Qe2 Qe7 7. Nbd2 Bg4 8. h3 Bh5 9. a3 Nd7 10. b4 Bb6 11. Nc4 a5 12. Rb1 axb4 13. axb4 Ra2 {0-1 (52) Carlsen,M (2843)-Aronian,L (2764) Stavanger 2018}) 6... Bg4 7. h3 Bh5 8. g4 Nxg4 9. hxg4 Bxg4 {LiveBook: 3 Partien} 10. Be3 Bd6 11. Kh1 f5 $146 (11... Qd7 $14) ({Vorgänger:} 11... Qd7 12. Rg1 h5 13. Nbd2 O-O-O {1-0 (63) Kokarev,D (2611)-Pridorozhni,A (2563) Khanty-Mansiysk 2015}) 12. Rg1 $1 $16 h5 13. exf5 Qf6 14. Nbd2 $1 Qxf5 15. Rg3 h4 16. Rxg4 Qxg4 17. Nh2 Qd7 18. Qg4 Qxg4 19. Nxg4 Kf7 20. Rg1 {[%mdl 1024] Weiss hat starke Kompensation.} Rh5 21. Nh2 Be7 22. Nhf3 Rf5 23. Kh2 Rf8 24. Kh3 Kg8 25. Nh2 Kh7 26. Ne4 g5 (26... Rh5 $16 {ist wohl besser.}) 27. Bxg5 $18 Rg8 {[%cal Re7g5]} 28. Kxh4 $1 Rf4+ {[#]} (28... Rg6 $142) 29. Kh5 $1 Rf5 {[#]} 30. Kh4 (30. f4 $1 $18 {bietet bessere Gewinnchancen.}) 30... Rf4+ $1 $16 31. Kh5 (31. Kh3 $16) 31... Rf5 $18 32. Rg3 Rh8 {beabsichtigt ...Kg7+.} 33. Nf3 $2 (33. Rg2 $18) 33... Bxg5 $15 34. Rxg5 Rxf3 35. Rxe5 {[%mdl 4096] Endspiel KTT-KTS} (35. Rg6 $1 $15 Rh3+ 36. Kg5) 35... Rf7 36. Kg4 {Weiss will Sg5+ spielen.} Kg7 37. f4 Rh2 {Weiss muss nun ...Tg2+ beachten.} 38. Rc5 Kf8 39. b4 Ke8 (39... Rg7+ $17 40. Ng5 Ke8) 40. f5 $11 Rg7+ 41. Kf4 Rgg2 42. f6 Kf7 43. Re5 {[#]} Rf2+ $1 {[%mdl 512]} 44. Nxf2 {Precision: Weiß = 68%, Schwarz = 54%.} 1/2-1/2

[Event "ESP-chT Div Honor 2018"]
[Site "Linares"]
[Date "2018.08.07"]
[Round "2"]
[White "Ponomariov, Ruslan"]
[Black "Meier, Georg"]
[Result "1/2-1/2"]
[WhiteElo "2686"]
[BlackElo "2638"]
[Annotator "TA"]
[PlyCount "60"]
[EventDate "2018.08.06"]
[EventType "team-tourn"]
[EventCountry "ESP"]
[SourceTitle "playchess.com"]
[Source "ChessBase"]
[SourceQuality "1"]

{[%evp 19,60,38,32,21,29,21,32,29,33,0,0,0,0,0,0,0,0,0,0,0,0,0,0,0,0,0,0,0,0,0,0,0,0,0,0,0,0,0,0,0,0,0,0]} 1. e4 e5 2. Bc4 Nf6 3. d3 c6 4. Nf3 d5 5. Bb3 Bb4+ 6. Bd2 {C24: Bishop's Opening: 2...Nf6} Bxd2+ 7. Qxd2 (7. Nbxd2 a5 8. c3 Nbd7 9. exd5 cxd5 10. O-O O-O 11. Re1 Re8 12. Nf1 b5 13. a4 b4 14. cxb4 axb4 15. Ne3 {1-0 (77) Carlsen,M (2843)-Caruana,F (2822) Stavanger 2018}) 7... Qc7 8. Qg5 O-O 9. Qxe5 Qxe5 10. Nxe5 dxe4 {LiveBook: 3 Games} 11. dxe4 $146 ({Predecessor:} 11. d4 Nbd7 12. Nc3 Nb6 13. O-O-O {½-½ (43) Bartel,M (2640)-Mastrovasilis,D (2606) Lublin 2016}) 11... Nxe4 12. Nd2 Nxd2 13. Kxd2 Nd7 14. Nd3 Rd8 {The position is equal.} 15. Rhe1 Nc5 16. Re5 Nxd3 17. cxd3 Kf8 18. Rae1 Rb8 19. Kc3 Bd7 20. R1e3 Re8 21. Ra5 Ra8 22. Ra4 f6 23. Rb4 Rab8 24. Ra4 Ra8 25. Rb4 Rab8 26. Ra4 Ra8 27. Rb4 Rab8 28. Ra4 Ra8 29. Rb4 Rab8 30. Ra4 Ra8 {Precision: White = 94%, Black = 100%.} 1/2-1/2

[Event "ESP-chT Div Honor 2018"]
[Site "Linares"]
[Date "2018.08.07"]
[Round "2"]
[White "Rodshtein, Maxim"]
[Black "Adhiban, Baskaran"]
[Result "1/2-1/2"]
[WhiteElo "2678"]
[BlackElo "2671"]
[Annotator "TA"]
[PlyCount "64"]
[EventDate "2018.08.06"]
[EventType "team-tourn"]
[EventCountry "ESP"]
[SourceTitle "playchess.com"]
[Source "ChessBase"]
[SourceQuality "1"]

{[%evp 27,64,16,14,15,14,20,15,17,17,0,0,-11,12,-11,-12,-16,0,0,4,0,0,0,0,0,0,-13,0,0,0,0,3,-1,-1,-1,-1,-1,-1,-8,-4]} 1. d4 d5 2. c4 dxc4 3. e3 Nf6 4. Bxc4 e6 5. Nf3 a6 6. O-O b5 7. Be2 Bb7 8. b3 Nbd7 9. Bb2 c5 10. a4 b4 11. Nbd2 {[%cal Bb1d2,Bd2c4,Bc4a5][%mdl 32]} Be7 12. Rc1 {D27: Angenommenes Damengambit (Hauptvariante 7.e4, 7.a4)} Rc8 13. Nc4 O-O 14. Nfe5 cxd4 {[#] LiveBook: 5 Partien. Die Stellung ist ausgeglichen.} (14... Qc7 15. Nxd7 Nxd7 16. dxc5 Rfd8 17. Nd6 Nxc5 18. Qd4 Bf6 19. Qxc5 Qxd6 20. Qxd6 Rxd6 21. Rxc8+ Bxc8 {½-½ (32) Iturrizaga Bonelli,E (2624)-Inarkiev,E (2680) Sharjah 2018}) 15. Qxd4 $146 ({Vorgänger:} 15. Bxd4 Nc5 16. a5 Nd5 17. Bf3 f6 18. Nd3 Nc3 19. Nxc5 Rxc5 20. Bxc3 Qxd1 21. Rfxd1 Bxf3 22. gxf3 bxc3 23. Rxc3 {½-½ (40) Kuljasevic,D (2549)-Studer,N (2478) Balatonszarszo 2017}) 15... Nc5 16. Qxd8 Rfxd8 17. Na5 Bd5 18. Nec4 Nfd7 19. Nd2 Bf6 20. Bd4 e5 21. Ba1 e4 22. Bxf6 Nxf6 23. Ndc4 Nd3 24. Rcd1 Bxc4 25. Nxc4 Kf8 26. Bxd3 Rxd3 27. Rxd3 exd3 $11 {KTS-KTS} 28. Rd1 Ne4 29. f3 ({Viel schwächer wäre} 29. Rxd3 Nc5 $17) 29... Nc3 30. Rxd3 Ne2+ 31. Kf2 Nc1 32. Rd7 Nxb3 {Precision: Weiß = 55%, Schwarz = 81%.} 1/2-1/2

[Event "ESP-chT Div Honor 2018"]
[Site "Linares"]
[Date "2018.08.07"]
[Round "2"]
[White "Kuzubov, Yuriy"]
[Black "Kokarev, Dmitry"]
[Result "1/2-1/2"]
[WhiteElo "2647"]
[BlackElo "2608"]
[Annotator "TA"]
[PlyCount "115"]
[EventDate "2018.08.06"]
[EventType "team-tourn"]
[EventCountry "ESP"]
[SourceTitle "playchess.com"]
[Source "ChessBase"]
[SourceQuality "1"]

{[%evp 13,115,-14,-8,-12,-7,-15,0,0,0,0,0,0,0,0,0,0,0,0,0,0,0,0,0,0,0,0,0,-8,-7,0,0,-12,-2,-10,0,-6,-5,-11,0,0,0,-10,-10,-14,-2,-18,-10,-27,23,23,23,0,30,0,23,12,23,23,30,30,30,30,30,30,30,30,30,30,37,23,41,23,23,23,33,23,23,23,23,23,23,0,31,0,23,23,24,23,23,23,26,26,40,31,32,26,40,31,40,0,40,0,40,0]} 1. Nf3 Nf6 2. c4 g6 3. b4 Bg7 4. Bb2 O-O 5. e3 d6 6. Be2 e5 7. d3 e4 {LiveBook: 3 Games. A15: English Opening: 1...Nf6} (7... Nc6 8. b5 Ne7 9. Nc3 h6 10. O-O c5 11. bxc6 Nxc6 12. Qb3 b6 13. Nd2 Bb7 14. Ba3 Re8 15. Nde4 Nxe4 16. Nxe4 {1-0 (40) Ivanchuk,V (2747)-Li,C (2720) Doha 2016}) 8. dxe4 Nxe4 9. Qc1 $146 ({Predecessor:} 9. Bxg7 Kxg7 10. Qd4+ Qf6 11. Bd3 Nc6 12. Qxf6+ {½-½ (12) Kempinski,R (2627)-Nalbandian,T (2508) Warsaw 2005}) 9... Nd7 {The position is equal.} 10. Bxg7 Kxg7 11. Nbd2 Nxd2 12. Qxd2 a5 13. b5 b6 14. Nd4 Bb7 15. Bf3 Bxf3 16. Nxf3 f5 17. Nd4 {[%cal Bf3d4,Bd4e2,Be2f4,Bf4d3][%mdl 32] [#] Ne6+ is the strong threat.} Qf6 18. O-O Rae8 19. Ne2 Qe5 20. Nf4 Nf6 21. Rac1 Rf7 22. Rfe1 h6 23. f3 Kh7 24. Nd3 Qe7 25. Qc2 Nd7 26. Nf4 Qe5 27. Nd3 Qg7 28. Nf4 Re5 29. Rcd1 Nf6 30. h3 {[%cal Bh2h3,Bh3h4][%mdl 32]} h5 31. h4 Rfe7 32. Qd2 Re8 33. Nh3 Kg8 34. Qf2 Qe7 {[%cal Re5e3]} 35. Rd3 Kg7 36. Nf4 Qf7 37. Rc3 Rc5 38. Rec1 Rce5 39. Rd1 Qe7 {[%cal Re5e3]} 40. Rdd3 Qf7 41. Qg3 Rc5 42. Kh2 Rce5 43. Qf2 Qe7 44. Nd5 Qf7 45. Rd4 Kh7 46. Qd2 Kg7 47. Rdd3 Kh7 48. Qc1 Kg7 49. Rd4 Kg8 50. Nf4 Kg7 51. Kg1 Kh7 52. Kf2 Kg7 53. Nd5 Kg8 54. Qd2 Kg7 55. Nf4 Kh7 56. Nd5 Kg7 57. Nf4 Kh7 58. Nd5 {Precision: White = 49%, Black = 61%.} 1/2-1/2

[Event "ESP-chT Div Honor 2018"]
[Site "Linares"]
[Date "2018.08.07"]
[Round "2"]
[White "Shirov, Alexei"]
[Black "Jones, Gawain C B"]
[Result "1/2-1/2"]
[WhiteElo "2631"]
[BlackElo "2666"]
[Annotator "TA RC"]
[PlyCount "110"]
[EventDate "2018.08.06"]
[EventType "team-tourn"]
[EventCountry "ESP"]
[SourceTitle "playchess.com"]
[Source "ChessBase"]
[SourceQuality "1"]

{[%evp 22,110,33,27,31,30,22,11,10,6,22,21,33,33,33,29,26,12,29,35,35,39,49,37,37,37,38,32,37,37,25,27,26,-3,0,-5,-4,-3,-4,-8,-3,-8,0,0,0,0,0,-11,0,0,0,0,0,0,0,0,0,0,0,0,0,0,0,0,0,0,0,0,0,0,0,0,0,0,0,0,0,0,8,0,8,8,8,8,8,8,8,8,8,8,8]} 1. e4 e5 2. Nf3 Nc6 3. Bb5 a6 4. Ba4 d6 5. O-O Bd7 6. d4 Nf6 7. c4 Nxd4 8. Nxd4 exd4 9. Bxd7+ Qxd7 10. Qxd4 Be7 11. Nc3 O-O 12. b3 {LiveBook: 3 Games. C72: Ruy Lopez: Deferred Steinitz: 5 0-0} c6 13. Bb2 Rad8 14. Rad1 Rfe8 {[#]} 15. Ne2 $146 ({Predecessor:} 15. Rfe1 Qe6 16. h3 Nh5 17. Qe3 h6 18. Ne2 Qg6 19. Nf4 Nxf4 20. Qxf4 {½-½ (33) Stellwagen,D (2622)-Kraemer,M (2520) Germany 2012}) 15... Nh5 16. Qe3 Bf6 17. Bd4 Bxd4 18. Rxd4 Qe7 19. Rfd1 c5 20. R4d2 Qxe4 21. Qxe4 Rxe4 22. f3 Re6 23. g4 Nf6 24. Nf4 Re7 25. Rxd6 Rxd6 26. Rxd6 $14 {[%mdl 4096] Endgame KRN-KRN} Rd7 27. Rb6 (27. Rxd7 {looks sharper.} Nxd7 28. Kf2 Kf8 29. Nd5 Ke8 30. Ke3) 27... Kf8 {The position is equal.} 28. b4 Rd4 29. Ne2 Rxc4 30. bxc5 Rxc5 31. Rxb7 Rc2 32. Nd4 Rxa2 33. Nf5 Ne8 34. Rb8 Re2 35. Ra8 Re6 36. Kf2 g6 37. Nd4 Rd6 38. Ke3 Ke7 39. Ra7+ $1 Kf6 40. h4 h6 41. f4 Rb6 42. g5+ hxg5 43. hxg5+ Kg7 44. Kd3 Kf8 45. Ra8 f6 46. Kc4 fxg5 47. fxg5 Rd6 48. Kc5 Rd7 49. Rxa6 Kf7 50. Nc6 {[#] Ne5+ is the strong threat.} Rd5+ 51. Kxd5 Nc7+ 52. Kd6 {Ra7 would kill now.} Nxa6 53. Ne5+ Kg7 54. Nd3 Kf7 55. Kd7 Nb8+ {Precision: White = 79%, Black = 66%.} 1/2-1/2

[Event "ESP-chT Div Honor 2018"]
[Site "Linares"]
[Date "2018.08.07"]
[Round "2"]
[White "Rakhmanov, Alexander"]
[Black "Anton Guijarro, David"]
[Result "1/2-1/2"]
[WhiteElo "2629"]
[BlackElo "2652"]
[Annotator "TA"]
[PlyCount "61"]
[EventDate "2018.08.06"]
[EventType "team-tourn"]
[EventCountry "ESP"]
[SourceTitle "playchess.com"]
[Source "ChessBase"]
[SourceQuality "1"]

{[%evp 20,61,12,0,-1,-32,0,-10,-3,-11,-6,-6,-8,-10,11,10,20,0,0,-1,-7,-11,0,0,0,0,0,0,0,0,0,0,0,0,0,0,0,0,0,0,0,0,0,0]} 1. Nf3 Nf6 2. g3 c5 3. Bg2 Nc6 4. c4 d5 5. cxd5 Nxd5 6. d4 cxd4 7. Nxd4 Ndb4 8. Nxc6 Qxd1+ 9. Kxd1 Nxc6 10. Bxc6+ bxc6 11. Be3 {LiveBook: 33 Games} a5 {A30: Symmetrical English: Double Fianchetto and Hedgehog} 12. Nd2 a4 $146 ({Predecessor:} 12... Be6 13. Kc2 Bf5+ 14. Kc1 e5 15. Nc4 f6 16. Rd1 Be6 17. Nb6 Ra6 18. Na4 c5 19. b3 {1-0 (60) Miles,A (2245)-Ljubojevic,L (2645) Niksic 1983}) 13. f3 {The position is equal.} g6 14. Bd4 f6 15. Rc1 Be6 16. a3 Rc8 17. Rc5 Rd8 18. Be3 Bg7 19. Ke1 f5 20. Nc4 Bxc4 21. Rxc4 Bxb2 22. Rxa4 Kf7 23. Kf2 Ra8 24. Rc4 Bxa3 25. Rxc6 Rhc8 26. Rxc8 Rxc8 27. Ra1 Bc5 28. Bxc5 Rxc5 29. Rb1 Rc7 30. Ra1 Rc5 31. Rb1 {Precision: White = 79%, Black = 75%.} 1/2-1/2

[Event "ESP-chT Div Honor 2018"]
[Site "Linares"]
[Date "2018.08.07"]
[Round "2"]
[White "Antipov, Mikhail Al"]
[Black "Saric, Ivan"]
[Result "1/2-1/2"]
[WhiteElo "2598"]
[BlackElo "2690"]
[Annotator "TA"]
[PlyCount "119"]
[EventDate "2018.08.06"]
[EventType "team-tourn"]
[EventCountry "ESP"]
[SourceTitle "playchess.com"]
[Source "ChessBase"]
[SourceQuality "1"]

{[%evp 11,119,20,52,26,18,22,30,25,48,44,42,29,26,-62,-47,-45,-32,-89,-50,-58,-64,-116,-134,-66,20,-108,-35,-38,-43,-43,-48,-197,-171,-333,-8,0,0,-145,-154,-162,-139,-154,-35,-49,-44,-53,-50,-50,-57,-61,-60,-52,-27,-27,-30,-59,-32,-45,-47,-48,-24,-32,-27,-44,-43,-37,-4,-2,-2,-2,-2,-2,-2,-2,0,0,0,0,0,0,0,0,0,0,0,0,0,0,0,0,0,0,0,0,0,0,0,0,79,75,77,0,8,0,0,0,0,0,0,0]} 1. e4 g6 2. d4 Bg7 3. Nc3 c6 4. h3 d5 5. e5 f6 6. f4 {B15: Caro-Kann: 3 Nc3: 3...g6 and 3...dxe4 4 Nxe4 Nf6 5 Nxf6+ exf6} (6. Nf3 Nd7 7. Bf4 Qb6 8. Qd2 Qxb2 9. Rb1 Qa3 10. Bd3 fxe5 11. dxe5 Nc5 12. O-O Nxd3 13. cxd3 {1-0 (43) Gagunashvili,M (2580)-Azaladze,S (2432) Tbilisi 2010}) 6... Nh6 {LiveBook: 4 Games} 7. g4 O-O 8. Nf3 fxe5 9. dxe5 Qb6 $146 ({Predecessor:} 9... e6 10. Bg2 c5 11. O-O a6 12. a4 Nc6 13. Ne2 Bd7 {1-0 (43) Rojas Barrero,A (2249)-Uribe Arteaga,D (2228) Silvania 2011}) 10. Qe2 Na6 {[%cal Bb8a6,Ba6c5,Bc5e6][%mdl 32]} 11. Nd1 Nc5 12. Nf2 (12. c3 $11) 12... Ne6 $15 13. Nd3 c5 $1 {[%cal Rc5c4] Strongly threatening ...c4.} 14. Qh2 (14. Qf2 $15) 14... c4 15. Nf2 Bd7 {aiming for ...Rf7.} 16. Be2 (16. Bg2 $1 $15) 16... Bc6 17. Qg3 (17. c3 $17) 17... d4 ({Black should play} 17... Nf7 $15 18. Kf1 Qc5) 18. O-O (18. Bxc4 $11 Bxf3 19. Bxe6+ Qxe6 20. Qxf3) 18... Qc5 (18... d3 $1 $17 {[%cal Rd3e2]} 19. cxd3 Rf7) 19. b3 b5 $1 $36 {[%mdl 2048] Black is pushing.} 20. a4 {[#]} d3 $1 {[%mdl 512]} 21. cxd3 (21. b4 $1 $15 Qxb4 22. cxd3) 21... cxb3 $19 22. d4 $2 (22. a5 {is a better defense.}) 22... b2 $2 ({And not} 22... Nxd4 23. Nxd4 Qxd4 24. Qxb3+ Bd5 25. Qxb5 $14) ({Black should try} 22... Qc3 $19 23. axb5 Nxd4 24. Bc4+ Kh8 25. bxc6 Nxf3+ 26. Kg2 Qxa1 27. Qxf3 b2 28. Bxb2 Qxb2) 23. Bxb2 $11 Qc2 24. Rac1 (24. Bd3 $1 $11 {was the only way to keep the balance.} Nxf4 25. Bxc2 Ne2+ 26. Kg2 Nxg3 27. axb5 Nxf1 28. Bb3+ Kh8 29. bxc6) 24... Qxe2 $17 25. Rxc6 Nxf4 (25... Rxf4 26. Rxe6 Rxf3 27. Qg2) 26. Bc1 {[#]} Qc4 (26... Nh5 $1 $17 {[%cal Rh5g3]} 27. Qg2 Rxf3 28. gxh5 Nf5) 27. Rxc4 $15 Ne2+ 28. Kg2 Nxg3 29. Kxg3 bxc4 30. Ba3 Rfe8 $1 31. Rc1 Rab8 {And now ...Rb3 would win.} 32. Rxc4 Rb3 33. Bb4 $1 Nf7 $1 {White must now prevent ...Bxe5+!} 34. Bc3 Rbb8 35. Bb4 e6 36. Ne4 Rec8 37. Rxc8+ Rxc8 38. Bc5 Rc6 39. Bxa7 Ra6 $1 {[%csl LRa4,LRa7]} 40. Bc5 Rxa4 {...Nxe5! is the strong threat.} 41. Neg5 $1 {[%cal Rg5e6]} Nxg5 42. Nxg5 $11 {[%mdl 4096] Endgame KRB-KBN} Ra6 43. Bd6 $1 Bf8 44. Bxf8 $1 Kxf8 45. Nxh7+ {KR-KN} Ke7 46. Kf4 Ra3 47. Ng5 Rd3 48. Nf3 Kf7 49. h4 Rd1 50. Kg3 Ke7 51. Kf2 Kf8 52. Kg2 Ke7 53. h5 gxh5 54. gxh5 Kf8 {[#]} (54... Rb1 $11 {remains equal.}) 55. Ng5 $1 $16 Ke7 56. Nf3 (56. h6 $16 {Hoping for h7.} Kf8 57. Nxe6+ Kg8 58. Kf3) 56... Kf8 {The position is equal.} 57. Kg3 Rh1 58. Kg4 Ke7 59. Kg5 Rf1 60. Kg4 {Precision: White = 55%, Black = 64%.} 1/2-1/2

[Event "ESP-chT Div Honor 2018"]
[Site "Linares"]
[Date "2018.08.07"]
[Round "2"]
[White "Volkov, Sergey"]
[Black "Banusz, Tamas"]
[Result "0-1"]
[WhiteElo "2557"]
[BlackElo "2612"]
[Annotator "TA"]
[PlyCount "144"]
[EventDate "2018.08.06"]
[EventType "team-tourn"]
[EventCountry "ESP"]
[SourceTitle "playchess.com"]
[Source "ChessBase"]
[SourceQuality "1"]

{[%evp 21,144,0,14,-8,-4,-11,-8,-2,13,0,35,37,40,7,8,8,4,8,6,6,2,5,21,21,30,31,31,31,31,24,20,14,30,34,34,31,37,35,40,5,26,18,48,10,21,14,4,0,0,0,0,0,0,-16,-14,-16,-18,-19,-20,-35,0,0,0,0,0,0,0,0,0,0,0,0,0,-6,0,-27,0,-15,-15,-29,-16,-16,-20,-69,-69,-68,-64,-61,-68,-111,0,-16,-13,-16,-16,-56,-45,-191,-183,-5431,-6045,-29985,-29972,-29988,-29967,-29958,-29958,-29987,-29980,-29976,-29973,-29973,-29974,-29973,-29972,-29980,-29973,-29976,-29973,-29972,-29973,-29975,-29970,-29949,-6454]} 1. d4 d5 2. c4 c6 3. Nc3 Nf6 4. e3 e6 5. Nf3 a6 6. c5 Nbd7 7. b4 b6 {D45: Semi-Slav: 5 e3} 8. Bb2 a5 9. a3 Be7 10. Bd3 O-O 11. O-O Ba6 {LiveBook: 6 Games} 12. Re1 (12. Ne1 Bc4 13. Bxc4 dxc4 14. Qe2 Rb8 15. Ra2 {1-0 (46) Ding,L (2707)-Aronian,L (2809) Paris/St Petersburg 2013 CBM 154 [Krasenkow,M]}) 12... Bxd3 13. Qxd3 {[#]} Qc8 $146 14. Nd2 bxc5 (14... Qb7 {feels hotter.} 15. Na4 Ra7 16. cxb6 Nxb6 17. Nc5 Qc7) 15. bxc5 Qa6 16. Qxa6 Rxa6 17. Na4 Ne8 {[%cal Bf6e8,Be8c7,Bc7b5][%mdl 32]} 18. Bc3 Nc7 $1 19. Nb3 Rfa8 20. Reb1 Nb5 21. Be1 Bd8 22. Nc3 Nxc3 23. Bxc3 R6a7 24. Nc1 f6 25. Nd3 Bc7 26. Ra2 (26. f4 {is interesting.} e5 27. Rb2 e4 28. Nc1 Kf7 29. Rab1) 26... Rb8 27. Rxb8+ Bxb8 28. Rb2 Bc7 29. g4 e5 30. f3 Kf7 31. Kg2 g6 32. h4 h5 33. Nc1 Nf8 34. Ne2 Ne6 35. Be1 Ke7 36. Bg3 Kd7 37. g5 (37. a4 {with more complications.} Ra8 38. Rb7 Kc8 39. Rb3 Kd7 40. Rb7) 37... exd4 38. Nxd4 fxg5 39. Nxe6 Kxe6 40. hxg5 $11 {[%mdl 4096] Endgame KRB-KRB} Bd8 41. Bb8 Rd7 42. f4 d4 43. exd4 Rxd4 44. Bd6 a4 $1 45. Rb8 Ba5 46. Rf8 Kd5 47. Re8 Rd2+ 48. Kf1 Rd3 49. Ra8 Bc3 50. Ke2 Rh3 51. Rxa4 Bd4 52. Ra8 h4 {[%mdl 1024] Black has compensation.} 53. Rd8 {[#] Hoping for Be5+.} Ke4 54. Re8+ Kf5 $1 55. Rf8+ Ke4 (55... Kg4 $17 56. f5 gxf5) 56. f5 gxf5 57. Re8+ Kd5 58. g6 Rxa3 {aiming for ...Kc4.} 59. Rd8 {[#]} (59. Rf8 $1 $15) 59... Kc4 $1 $19 60. Bf4 $2 (60. Rd7) 60... Ra2+ 61. Ke1 h3 {Black mates.} 62. Rd6 h2 63. Bxh2 Rxh2 64. Rxc6 {KRB-KR} Rg2 65. Kf1 Rg5 66. Ke2 Kd5 67. Ra6 Bxc5 68. Rf6 Be7 69. Rf7 Ke6 70. Rg7 Bd6 71. Kf3 Kf6 72. Rd7 Be5 {Precision: White = 41%, Black = 56%.} 0-1